| 000 | 00673nam a22002177a 4500 | ||
|---|---|---|---|
| 999 |
_c7262 _d7262 |
||
| 003 | GBCCL | ||
| 005 | 20241126110623.0 | ||
| 008 | 180719b ||||| |||| 00| 0 eng d | ||
| 020 | _a0570069440 | ||
| 040 | _cgbc | ||
| 082 |
_a268.433 _bBIC |
||
| 100 |
_aBickel, Kurt _96490 |
||
| 245 |
_aOur life in Christ: _bHigh school Bible studies book 3 / _cKurt Bickel, et. al... |
||
| 260 |
_aSt. Louis: _bConcordia Publishing House, _c2001 |
||
| 300 |
_a86 p.; _bill., _c28 cm. |
||
| 440 |
_aYouth Bible Studies _912853 |
||
| 650 |
_aBible _xStudy and teaching. _910863 |
||
| 650 |
_aChristian education _xTextbooks for teenagers. _912854 |
||
| 650 |
_aBible _95 |
||
| 942 |
_2ddc _cBK |
||